Štatistické riadenie kvality. Zavádzanie štatisticky regulovaného procesu
Vymedzenie základných nástrojov zlepšovania kvality. Opis a odporúčané kroky pri zavádzaní SPC (štatisticky regulovaného procesu) z rôznych hľadísk. Výber regulovaného procesu. Príprava nástrojov a zariadení. Integrácia do informačného systému kvality.
Salvato in:
| Autore principale: | |
|---|---|
| Altri autori: | |
| Natura: | Capitolo di libro |
| Lingua: | slovacco |
| Soggetti: | |
| Tags: |
Nessun Tag, puoi essere il primo ad aggiungerne!!
|
MARC
| LEADER | 00000naa a2200000 4500 | ||
|---|---|---|---|
| 001 | r041299 | ||
| 005 | 20230918081052.7 | ||
| 041 | 0 | |a slo | |
| 044 | |a SK | ||
| 245 | 1 | 0 | |a Štatistické riadenie kvality. Zavádzanie štatisticky regulovaného procesu |c Ľubica Hrnčiarová, Milan Terek |
| 520 | |a Vymedzenie základných nástrojov zlepšovania kvality. Opis a odporúčané kroky pri zavádzaní SPC (štatisticky regulovaného procesu) z rôznych hľadísk. Výber regulovaného procesu. Príprava nástrojov a zariadení. Integrácia do informačného systému kvality. | ||
| 610 | 2 | 0 | |a riadenie kvality |
| 610 | 2 | 0 | |a regulácia |
| 610 | 2 | 0 | |a štatistika |
| 610 | 2 | 0 | |a projekty |
| 610 | 2 | 0 | |a štúdie prípadové |
| 610 | 2 | 0 | |a systémy informačné |
| 100 | 1 | |a Hrnčiarová, Ľubica | |
| 700 | 1 | |a Terek, Milan | |